000 00839nam a2200205 a 4500
003 0
005 20250317100512.0
008 071127s19uu xx 00 eng d
050 _aPGS PE 1128.A2.T87
_b.J33 2007
100 _aJang, Hyo Jin.
245 _aThe relationship of the duration of academy tutoring and the second term test scores in ESL of ILC students /
_cHyo Jin Jang.
260 _aLas PiƱas City, Philippines :
_bSouthville International School and Colleges,
_c2007.
300 _a37 pages :
_billustrations ;
_c28 cm.
504 _aIncludes bibliographical references.
650 _aTutoring
_vEducational aspects.
650 _aEnglish language
_vStudy and teaching
_vForeign speakers.
650 _aSecond language acquisition
_vAcademic achievement.
650 _aAcademic achievement
_vInfluences.
942 _2lcc
_cPASS
999 _c97721
_d97721